000 00310nam a2200121Ia 4500
008 220217s9999||||xx |||||||||||||| ||und||
082 _a611.13 AND
100 _aAnderson, Clifford
_94147
245 0 _aYour guide to health
260 _aOWPH press
_bPune
_c2001
300 _b400
650 _aGENERAL BOOKS
999 _c173607
_d173607